000 00363 a2200157 4500
001 75138
020 _a9788508184828
040 _cAnchieta - Colégio São Paulo
100 _aDante, Luiz Roberto
240 1 0 _aProjeto Ápis Matemática
_lpor
245 1 0 _aProjeto Ápis Matemática
300 _a296
362 0 _a2017
650 4 _aMatemática
942 _cBK
999 _c75138
_d75138